Определение селена инверсионно-вольтамперометрическими методами: диссертация на соискание ученой степени кандидата химических наук; спец. 02.00.02

Bibliographische Detailangaben
1. Verfasser: Антонова С. Г. Светлана Геннадьевна
Körperschaft: Национальный исследовательский Томский политехнический университет (ТПУ)
Weitere Verfasser: Колпакова Н. А. Нина Александровна (научный руководитель)
Zusammenfassung:Защищена 8.12.2010 г.
Sprache:Russisch
Veröffentlicht: Томск, 2010
Schlagworte:
Format: MixedMaterials Buch
KOHA link:https://koha.lib.tpu.ru/cgi-bin/koha/opac-detail.pl?biblionumber=188879

MARC

LEADER 00000nbm0a2200000 4500
001 188879
005 20231101224151.0
035 |a (RuTPU)RU\TPU\book\205172 
035 |a RU\TPU\book\205171 
090 |a 188879 
100 |a 20101215j20101208k y0rusy50 ca 
101 0 |a rus 
102 |a RU 
105 |a a m 001zy 
200 1 |a Определение селена инверсионно-вольтамперометрическими методами  |e диссертация на соискание ученой степени кандидата химических наук  |e спец. 02.00.02  |f С. Г. Антонова  |g Национальный исследовательский Томский политехнический университет (ТПУ) ; науч. рук. Н. А. Колпакова 
210 |a Томск  |d 2010 
215 |a 121 л.  |c ил. 
300 |a Защищена 8.12.2010 г. 
320 |a Библиогр.: с. 106-120 (132 назв.). 
606 1 |a Селен  |x Определение  |2 stltpush  |3 (RuTPU)RU\TPU\subj\74990  |9 86893 
606 1 |a Вольтамперометрия инверсионная  |2 stltpush  |3 (RuTPU)RU\TPU\subj\72717  |9 86121 
610 1 |a электроконцентрирование 
610 1 |a инверсионный вольтамперометрический метод 
610 1 |a фоновые электролиты 
610 1 |a различные объекты 
610 1 |a диссертации 
610 1 |a труды учёных ТПУ 
675 |a 546.23(04)  |v 3 
675 |a 543.552(04)  |v 3 
686 |a 02.00.02  |2 oksvnk 
700 1 |a Антонова  |b С. Г.  |c химик  |c инженер-проектировщик Томского политехнического университета, аспирант  |f 1984-  |g Светлана Геннадьевна  |2 stltpush  |3 (RuTPU)RU\TPU\pers\25850 
702 1 |a Колпакова  |b Н. А.  |c девичья фамилия Полукарова  |c российский химик  |c профессор Томского политехнического университета, доктор химических наук  |c Почетный химик России (1996 г.)  |f 1942-  |g Нина Александровна  |2 stltpush  |3 (RuTPU)RU\TPU\pers\21963  |4 727 
712 0 2 |a Национальный исследовательский Томский политехнический университет (ТПУ)  |c (2009- )  |2 stltpush  |3 (RuTPU)RU\TPU\col\15902 
801 1 |a RU  |b 63413507  |c 20101215 
801 2 |a RU  |b 63413507  |c 20160125  |g RCR 
942 |c BK